Regionálna dimenzia priamych zahraničných investícií v elektrotechnickom priemysle diplomová práca

Salvato in:
Dettagli Bibliografici
Autore principale: Hrdlica, Peter
Ente Autore: Národohospodárska fakulta EU. Katedra verejnej správy a regionálneho rozvoja
Altri autori: Šipikal, Miroslav, 1976-
Natura: Libro
Lingua:slovacco
Pubblicazione: Bratislava 2010
Tags: Aggiungi Tag
Nessun Tag, puoi essere il primo ad aggiungerne!!

MARC

LEADER 00000nam$a2200000$$$4500
001 0120824
005 20240318123316.8
041 0 |a slo 
044 |a SK 
245 1 0 |a Regionálna dimenzia priamych zahraničných investícií v elektrotechnickom priemysle  |b diplomová práca  |c Peter Hrdlica ; škol. Miroslav Šipikal 
264 1 |a Bratislava  |c 2010 
300 |a 71 s. 
100 1 |a Hrdlica, Peter 
700 1 |a Šipikal, Miroslav, 1976- 
710 2 |a Národohospodárska fakulta EU. Katedra verejnej správy a regionálneho rozvoja